Sports Quiz

Random Sports or NHL Quiz

6+ Points in One NHL Playoff Game Quiz Stats

 Plays Quiz Updated Apr 16, 2018

Score 0/19 Timer 07:00
0 Plays Today
Date Name % Correct
4-17-1983Wayne Gretzky
96.3%
4-9-1987Wayne Gretzky
96.3%
4-25-1985Wayne Gretzky
96.3%
4-23-1992Mario Lemieux
83.5%
4-25-1989Mario Lemieux
83.5%
4-13-2012Claude Giroux
61%
4-2-1969Phil Esposito
57%
4-11-1977Guy Lafleur
56.5%
5-14-1985Paul Coffey
52.2%
4-22-2006Patrik Elias
50.5%
Date Name % Correct
4-14-2018David Pastrnak
48%
4-22-1976Darryl Sittler
40.7%
5-6-2010Johan Franzen
34.6%
4-18-1983Rick Middleton
20.9%
4-12-1986John Anderson
19.8%
3-25-1954Dickie Moore
14%
4-22-1988Patrik Sundstrom
10.3%
4-23-1998Geoff Courtnall
4.5%
4-8-1982Mikko Leinonen
3%

You're not logged in!

Compare scores with friends on all Sporcle quizzes.
OR
Log In

You Might Also Like...

Show Comments

Extras

Top Quizzes Today


Score Distribution

Your Account Isn't Verified!

In order to create a playlist on Sporcle, you need to verify the email address you used during registration. Go to your Sporcle Settings to finish the process.

Report this User

Report this user for behavior that violates our Community Guidelines.

Details: